000 00564nam a2200253Ia 4500
008 210210b1976 xxu||||| |||| 00| 0 eng d
041 _aeng
082 _a575 DOBG
100 _aDOBZHANSKY O (Theodosius)
245 _aGenetics and the origin of speices Ed 3
250 _a
260 _aDelhi
_bOxford & IBH publishing Co.
_c1976
300 _a364
650 _athe
650 _aspeices
650 _aorigin
650 _aof
650 _aGenetics
650 _aEd
650 _aand
650 _a3
690 _aEvolution
906 _aSG00648
999 _c111952
_d111952